000 00411nam a22001697a 4500
005 20160523104315.0
008 160523b xxu||||| |||| 00| 0 eng d
020 _a978-0-07-058556
041 _aeng
082 _b4141
100 _aBajaj Kamlesh K Nag/ Debjani
_91022
245 _aE-Commerce
260 _aNew Delhi
_bAcademic Faundation
_c2010
300 _a588
650 _aManagement
_9241
942 _cBK
999 _c1393
_d1393